Football Clubs by their picture - Statistics

General Stats
  • This quiz has been taken 53 times
    52 since last reset
  • The average score is 7 of 12
Answer Stats
Picture Answer % Correct
PSG
85%
West Ham
85%
Wolverhampton/Wolves
85%
Brighton
70%
Manchester United/Manu
70%
Real Madrid
63%
Brentford/Dortmund
54%
Newcastle
48%
Barcelona
37%
Bournemouth
37%
Arsenal
33%
Nottingham
33%
No matching quizzes found
Score Distribution
Percent of People with Each Score
Percentile by Number Answered
Your Score History
You have not taken this quiz since the last reset